000
00495nam a2200145Ia 4500
008
090124s9999 xx 000 0 und d
082
_b
302419
245
_a
स्वप्नातल्या राजकुमारा
250
_a
1
260
_b
मंगेशकर गीता
_c
1990
300
_a
269
630
_a
स्वप्नातल्या राजकुमारा
730
_a
स्वप्नातल्या राजकुमारा
942
_c
BOOK
999
_c
192056
_d
192056